000 00872nam a2200229Ia 4500
003 GCL
008 140319s9999 xx 000 0 ara d
040 _aGCL /
_cGCL
082 0 4 _a810.8
_bا س
100 1 _aابراهيم السامرائى
245 1 0 _aالسيد محمود شكرى الالوسى وبلوغ الارب /
_cابراهيم السامرائى
260 _a[S.N] :
_bالمؤسسة الجامعية للدراسات والنشر والتوزيع ،
_c1992
300 _a152 ص
490 _aالسلسلة الشعرية الثانية
_v0
650 0 4 _aالادب العربى
650 0 4 _aالحضارة العربية الاسلامية - المعارف البحرية
650 0 4 _aاللغة العربية
650 0 4 _aالتاريخ الاسلامى
650 0 4 _aالتراجم
650 0 4 _aالمجموعات
942 _2ddc
_cBK
999 _c54600
_d54600